000
00303nam a22001457a 4500
008
230529b ||||| |||| 00| 0 eng d
020
_a
2253006254
041
_a
FRA
080
_a
82
082
_a
82VER
100
_a
38
101
_a
GJL
245
_a
POEMES SATURNIENS
_c
VERLAINE
942
_2
udc
_c
BK
999
_c
59859
_d
59859